Spišský dejepisný spolok a jeho aktivity

Bibliographic Details
Main Author: Choma, Milan, 1948-2021 (Author)
Format: Article
Language:Slovak
PhysicalDescription:Fotogr.
Subjects:

MARC

LEADER 00000nab a2200000 ar4500
001 vtls010273865
003 SK-MaSNL
005 20260303224103.0
008 110427c2011 xo mr|p|||||||000 b|slo
038 |a PPPK 
040 |a PPPKCL  |b slo  |c PPPKCL  |e AACR2 
041 0 |a slo 
044 |a xo  |c SK 
080 |a 061.22:06.042  |2 2001 
100 1 |a Choma, Milan,  |d 1948-2021  |4 aut  |9 239721 
245 1 0 |a Spišský dejepisný spolok a jeho aktivity  |c Milan Choma 
300 |b Fotogr. 
610 2 7 |a Spišský dejepisný spolok (Levoča, Slovensko)  |2 pppkcl 
610 2 7 |a Podtatranské múzeum v Poprade  |2 pppkcl  |9 32858 
611 2 7 |a Valné zhromaždenie Spišského dejepisného spolku  |n (18. :  |c Poprad, Slovensko)  |2 pppkcl  |9 1259435 
648 7 |a 12.3.2011  |2 pppkcl  |9 1121465 
650 0 7 |a spolky  |2 pppkcl  |9 4725 
650 0 7 |a valné zhromaždenia  |2 pppkcl  |9 49799 
651 7 |a Poprad (Slovensko)  |2 pppkcl  |9 20155 
773 0 |t Kežmarok  |g Roč. XIX, č. 6 (2011), s. 5 
852 |a PPPK  |b KIS3GCP 
999 |c 2250613  |d 2252543